Регионална библиотека "Любен Каравелов" - Русе

Дивен свят (Запис номер 143022)

MARC детайли
000 -Лидер
Контролно поле с фиксирана дължина 01576nam a2200337 c 4500
003 - Код на организацията, давaща контролен номер
Контролно поле BLK
005 - Дата и час на последна редакция
Контролно поле 20240430005252.0
008 - Елементи от данни с фиксирана дължина
fixed length control field 180409b bul|||||r ||||||| ||bul||
010 ## - Наследен системен номер
LC control number KNG00149126000
040 ## - Източник на каталожния запис
Идентификатор на билиотеката - собственик на записа BLK
041 ## - Код за език
Код за езика на текст/звукозапис или на отделно заглавие Български
Код за езика КДБФ Български
080 ## - УДК
Текстов определител УДК Българска литература
УДК код - определител по УДК 821.163.2
УДК определител -93-1
УДК - код + определител 821.163.2-93-1
100 ## - Редна дума - Автор
Автор Славейков, Пенчо Петков
Дати, свързани с автора 1866-1912
Автор - информация (биография) Поет. Фолклорист. Преводач от немски и руски език.
R(LIN) 364367
139 ## - Редно поле
Редна дума Славейков, Пенчо Петков
Авторски знак Славе - С 42
245 10 - Сведения за заглавието
Заглавие Дивен свят
Подзаглавни данни Стихотворения за деца
Редно поле (дума) Пенчо Петков Славейков; худож. Симеон Димитров Спиридонов; състав. Николай Янков.
257 ## - Страна на издаване
Страна на създаване/издаване България
260 ## - Област на издателските данни
-- София
Име на издателя, разпространителя и проч. Отечество
Година на издаване 1988
Печатница Русе : ДП Дунав
300 ## - Физическа характеристика
Страници 32 с.
Илюстрации и др. с цв. ил.
Размери/Мащаб 28 см
380 ## - Жанр
Жанр Детска худож. лит.
500 ## - Общи забележки
Забележка Офс. изд. - 48 117 тир.
653 ## - Ключова дума – ненормативна
Ключова дума литература за деца
653 ## - Ключова дума – ненормативна
Ключова дума детска литература
700 1# - Други автори (авторска отговорност)
Лично име Спиридонов, Симеон Димитров
Автороска отговорност (Описва отношението между автора и произведението) худож.
9 (RLIN) 277676
700 1# - Други автори (авторска отговорност)
Лично име Янков, Николай
Автороска отговорност (Описва отношението между автора и произведението) състав.
9 (RLIN) 364665
852 ## - Местоположение
Форматна сигнатура Цб ІІ 18816
856 4# - Електронен адрес и достъп
Електронен формат pdf - файл
Път до файла /url/
856 4# - Електронен адрес и достъп
Електронен формат pdf - файл
Път до файла /url/
942 ## - АРТИКУЛИ
Вид на библиотечния материал Книги
Скрит в OPAC Не
944 ## - СЪЗДАВАНЕ И РЕДАКЦИЯ на ЗАПИСА
Създаване/Редакция Създаване
Дата на регистрацията/редакция 09.08.2013
Статус, дата на статуса CRON CRON
Служител, извършил регистрацията/редакцията
944 ## - СЪЗДАВАНЕ И РЕДАКЦИЯ на ЗАПИСА
Създаване/Редакция Редакция
Дата на регистрацията/редакция 18.09.2017
Статус, дата на статуса 09.08.2013 - от С1,Р / 09.08.2013
Служител, извършил регистрацията/редакцията Христина_Везирева
999 ## - СИСТЕМНИ КОНТРОЛНИ НОМЕРА
Koha biblionumber 143022
Koha biblioitemnumber 143022
Наличности
Код за отписване Код за изгубен артикул Източник на класификационната схема Код за повреда Коз за рестрикции Код за отдаване Артикулен № Име на библиотеката - собственик Име на библиотеката, в която се намира в момента Статус (Текущо местоположение) Дата на вписване в системата Местоположение - отдел Цена в лева Инвентарен номер Систематично азбучна сигнатура Баркод Номер на екземпляра Цена в евро Служебна бележка Служебен тип на артикула Бележка за публиката
  Не е изгубен Universal Decimal Classification Не е повреден само за читалня ползва се в читалня 237123 Регионална библиотека "Любен Каравелов" Русе Регионална библиотека "Любен Каравелов" Русе Хранилище 1988-01-01 Хранилище 0.84 493545 Цб ІІ 18816 120000493545 1 0.43 N: стар фонд Дата: 01.01.1988 Книги  
Изтеглен Не е изгубен   Не е повреден без рестрикции заемане за дома 237124 Регионална библиотека "Любен Каравелов" Русе Регионална библиотека "Любен Каравелов" Русе   1988-01-01 Детски отдел 0.84 493806 ДХ 886.7/С 42 493806 2 0.43 N: стар фонд Дата: 01.01.1988 Дата инв: 25.09.2015 Бележки инв: Д2015 Книги Отч.N: 32/2017 , Дата: 04.09.2017
Изтеглен Не е изгубен   Не е повреден без рестрикции заемане за дома 237125 Регионална библиотека "Любен Каравелов" Русе Регионална библиотека "Любен Каравелов" Русе Детски отдел 1988-01-01 Детски отдел 0.84 493808 ДХ 886.7/С 42 493808 3 0.43 N: стар фонд Дата: 01.01.1988 Дата инв: 25.09.2015 Бележки инв: Д2015 Книги  
Изтеглен Не е изгубен   Не е повреден без рестрикции заемане за дома 237126 Регионална библиотека "Любен Каравелов" Русе Регионална библиотека "Любен Каравелов" Русе   1988-01-01 Детски отдел 0.84 493809 ДХ 886.7/С 42 493809 4 0.43 N: стар фонд Дата: 01.01.1988 Дата инв: 25.09.2015 Бележки инв: Д2015 Книги Отч.N: 32/2017 , Дата: 04.09.2017
Изтеглен Не е изгубен   Не е повреден без рестрикции заемане за дома 237127 Регионална библиотека "Любен Каравелов" Русе Регионална библиотека "Любен Каравелов" Русе   1988-01-01 Детски отдел 0.84 493810 ДХ 886.7/С 42 493810 5 0.43 N: стар фонд Дата: 01.01.1988 Дата инв: 25.09.2015 Бележки инв: Д2015 Книги Отч.N: 32/2017 , Дата: 04.09.2017
Vip Innovations Ltd, Rousse, Bulgaria 2025